| 000 | 00758cam a2200241 4500 | ||
|---|---|---|---|
| 001 | ABS67148 | ||
| 008 | 031030n2003 000 0 eng u | ||
| 035 | _a(Sirsi) u124201 | ||
| 245 | _aCity, City fringe and Docklands | ||
| 260 | _c2003 | ||
| 490 |
_aProperty Week _v68(37) 19 September 2003, 53-72(8) |
||
| 590 | _aABS | ||
| 650 | _aCITY OF LONDON | ||
| 650 | _aCITY FRINGE | ||
| 650 | _aDOCKLANDS | ||
| 650 | _aPROPERTY-COMMERCIAL PROPERTY-OFFICE PROPERTY-OFFICE PROPERTY MARKET | ||
| 650 | _aPROPERTY-COMMERCIAL PROPERTY-RETAIL PROPERTY-RETAIL PROPERTY MARKET | ||
| 650 | _aINVESTMENT | ||
| 650 | _aLEADENHALL MARKET | ||
| 650 | _aCORPORATION OF LONDON | ||
| 690 | _aPROPERTY-COMMERCIAL PROPERTY-COMMERCIAL PROPERTY MARKET | ||
| 942 | _n0 | ||
| 999 |
_c73729 _d73729 |
||